[Event "AUTO-OPEN-3205"]
[Site "http://www.queenalice.com/game.php?id=1262601"]
[Date "2014.3.6"]
[Round "1"]
[White "Migz"]
[Black "rogervolei"]
[Result "0-1"]
[WhiteElo "982"]
[BlackElo "1814"]

1. e4 e6 2. d4 h6 3. Nf3 g5 4. Nc3 Bg7 5. Be3 a6 6. Bd3 b5 7. O-O Bb7 8. a3 g4
9. Nd2 h5 10. g3 Nf6 11. Bg5 Bh6 12. Bxh6 Rxh6 13. Re1 Ke7 14. d5 e5 15. b4 c6
16. Nb3 cxd5 17. Nc5 Qb6 18. exd5 d6 19. Nxb7 Qxb7 20. Ne4 Nxd5 21. Qd2 Rg6 22.
Rac1 Nd7 0-1

[Event "AUTO-OPEN-3205"]
[Site "http://www.queenalice.com/game.php?id=1262602"]
[Date "2014.3.6"]
[Round "1"]
[White "rogervolei"]
[Black "Migz"]
[Result "1-0"]
[WhiteElo "1812"]
[BlackElo "984"]

1. e3 e5 2. a3 d5 3. Qh5 Nc6 4. Bb5 Nf6 5. Bxc6+ bxc6 6. Qxe5+ Qe7 7. Qxe7+ Bxe7
8. h3 O-O 9. g4 h6 10. b3 Re8 11. Bb2 c5 12. f3 d4 13. exd4 cxd4 14. Bxd4 Bb7
15. Kf2 a6 16. Nc3 Rad8 17. Nce2 a5 18. c3 c5 19. Be3 Nd5 20. c4 Nxe3 21. dxe3
Bh4+ 22. Kf1 Rxe3 23. Rh2 1-0

[Event "AUTO-OPEN-3205"]
[Site "http://www.queenalice.com/game.php?id=1262603"]
[Date "2014.3.6"]
[Round "1"]
[White "Migz"]
[Black "prof_zeco"]
[Result "0-1"]
[WhiteElo "1001"]
[BlackElo "1766"]

1. e4 e5 2. Nf3 d6 3. d4 Bg4 4. d5 Be7 5. Be3 Nf6 6. Nc3 a6 7. Be2 c6 8. h3 Bd7
9. O-O cxd5 10. Nxd5 Nxe4 11. Qd3 Nf6 12. Nxe7 Qxe7 13. Bg5 O-O 14. Rad1 d5 15.
Bxf6 Qxf6 16. Qxd5 Bc6 17. Qxe5 Nd7 18. Qxf6 Nxf6 19. Nd4 Bd5 20. Rfe1 Rfe8 21.
Bf3 Bxf3 22. Nxf3 h6 0-1

[Event "AUTO-OPEN-3205"]
[Site "http://www.queenalice.com/game.php?id=1262604"]
[Date "2014.3.6"]
[Round "1"]
[White "prof_zeco"]
[Black "Migz"]
[Result "1-0"]
[WhiteElo "1768"]
[BlackElo "986"]

1. d4 d5 2. e4 dxe4 3. Nc3 Nf6 4. f3 exf3 5. Qxf3 e6 6. Be3 Nc6 7. Bb5 Bd7 8.
O-O-O Bd6 9. Nh3 a6 10. Bd3 Qe7 11. Bg5 h6 12. Bf4 O-O-O 13. Rhe1 Bb4 14. Bc4 g5
15. Be5 Bxc3 16. Qxc3 Nxe5 17. dxe5 Nh7 18. Re4 Bc6 19. Red4 g4 20. Nf2 h5 21.
g3 Rxd4 22. Rxd4 1-0

[Event "AUTO-OPEN-3206"]
[Site "http://www.queenalice.com/game.php?id=1262850"]
[Date "2014.3.6"]
[Round "1"]
[White "Gosiulkaa"]
[Black "Migz"]
[Result "1-0"]
[WhiteElo "1976"]
[BlackElo "1003"]

1. e4 e5 2. Nf3 Nc6 3. Bb5 Bd6 4. Nc3 a6 5. Bxc6 dxc6 6. d3 Nf6 7. Bg5 h6 8. Bh4
Bg4 9. Bg3 O-O 10. h3 Bh5 11. Qe2 Bb4 12. Bxe5 Bxc3+ 13. Bxc3 Re8 14. Bxf6 Qxf6
15. g4 Bg6 16. Rb1 Rad8 17. O-O c5 18. Nd2 b5 19. f4 Qd4+ 20. Kh1 c4 21. Nf3
cxd3 22. cxd3 Qxd3 23. Qxd3 Rxd3 24. f5 Bh7 25. Rbd1 Red8 26. Rxd3 Rxd3 27. Kg2
1-0

[Event "AUTO-OPEN-3206"]
[Site "http://www.queenalice.com/game.php?id=1262851"]
[Date "2014.3.6"]
[Round "1"]
[White "Migz"]
[Black "Gosiulkaa"]
[Result "0-1"]
[WhiteElo "1005"]
[BlackElo "1964"]

1. e4 e5 2. Nf3 Nc6 3. Bc4 Bc5 4. c3 Nf6 5. d4 exd4 6. cxd4 Bb4+ 7. Nc3 O-O 8.
Bd2 Bxc3 9. Bxc3 d6 10. Qd3 Bg4 11. d5 Bxf3 12. Qxf3 Ne5 13. Qe2 Qe7 14. Bb3
Rfe8 15. O-O h6 16. Rfe1 a6 17. a4 Ned7 18. Bc2 Nxd5 19. exd5 Qxe2 0-1

[Event "AUTO-OPEN-3206"]
[Site "http://www.queenalice.com/game.php?id=1262872"]
[Date "2014.3.6"]
[Round "1"]
[White "Migz"]
[Black "sss"]
[Result "0-1"]
[WhiteElo "997"]
[BlackElo "1690"]

1. e4 e5 2. Nf3 Nc6 3. Bc4 h6 4. Nc3 Nf6 5. d3 Bc5 6. a3 a5 7. h3 d6 8. Bd2 Nd4
9. Nxd4 Bxd4 10. O-O Nh7 11. Qf3 Qf6 12. Qxf6 Nxf6 13. b4 axb4 14. axb4 Bxc3 15.
Bxc3 Rxa1 16. Rxa1 O-O 17. Ra8 Bd7 18. Ra7 Rb8 19. Kh2 b5 20. Bb3 c5 21. bxc5 b4
22. Bb2 dxc5 23. Bxe5 Rd8 24. Bd6 Be6 25. Bxe6 fxe6 26. Bxc5 Rc8 27. Bxb4 Rxc2
28. f3 Rb2 29. Bc3 Rb3 30. Rc7 Rb8 0-1

[Event "AUTO-OPEN-3206"]
[Site "http://www.queenalice.com/game.php?id=1262873"]
[Date "2014.3.6"]
[Round "1"]
[White "sss"]
[Black "Migz"]
[Result "1-0"]
[WhiteElo "1688"]
[BlackElo "999"]

1. e4 e5 2. Qf3 Nf6 3. Bc4 Bc5 4. d3 Nc6 5. Bg5 d6 6. Bxf6 Qxf6 7. Qxf6 gxf6 8.
Nf3 Bg4 9. Nbd2 O-O-O 10. Bxf7 Nd4 11. Nxd4 Bxd4 12. h3 Rd7 13. Bd5 Bh5 14. Be6
Bxb2 15. Bxd7+ Kxd7 16. Rb1 Bc3 17. Rxb7 a5 18. a4 Kc6 19. Rb3 Bb4 20. g4 Bf7
21. Rb1 Rg8 22. Rd1 Kb6 23. Rb1 c5 24. Ke2 d5 25. exd5 Bxd5 26. f3 f5 27. c3
fxg4 28. cxb4 cxb4 29. fxg4 Bxh1 30. Rxh1 Kc5 31. Rf1 Kd4 32. Nf3+ Kd5 33. Rc1
1-0

[Event "AUTO-OPEN-3206"]
[Site "http://www.queenalice.com/game.php?id=1262874"]
[Date "2014.3.6"]
[Round "1"]
[White "Migz"]
[Black "od_xavier"]
[Result "0-1"]
[WhiteElo "1007"]
[BlackElo "1492"]

1. e4 e5 2. Nf3 Nc6 3. Bc4 Bc5 4. O-O Nf6 5. Nc3 d6 6. a4 O-O 7. d3 Bg4 8. h3
Bxf3 9. Qxf3 Nd4 10. Qg3 Re8 11. Bh6 g6 12. Nb5 Ne2+ 0-1

[Event "AUTO-OPEN-3206"]
[Site "http://www.queenalice.com/game.php?id=1262875"]
[Date "2014.3.6"]
[Round "1"]
[White "od_xavier"]
[Black "Migz"]
[Result "1-0"]
[WhiteElo "1809"]
[BlackElo "980"]

1. e4 e5 2. Nf3 Nc6 3. Bc4 Nf6 4. d3 Bc5 5. O-O O-O 6. Bg5 h6 7. Bh4 Be7 8. Nc3
d6 9. h3 Nxe4 10. Bxe7 Qxe7 11. dxe4 a6 12. a3 b5 13. Bd5 Bb7 14. g3 Rab8 15.
Ba2 Rbd8 16. h4 Kh8 17. Qd2 Qf6 18. Qe3 Nd4 19. Nxd4 1-0

[Event "AUTO-BEG-605"]
[Site "http://www.queenalice.com/game.php?id=1264777"]
[Date "2014.3.14"]
[Round "1"]
[White "Narizinho"]
[Black "Migz"]
[Result "1-0"]
[WhiteElo "1282"]
[BlackElo "990"]

1. e4 e5 2. Nf3 Nc6 3. Nc3 Nf6 4. Bb5 Bc5 5. O-O a6 6. Be2 O-O 7. d3 Re8 8. Bg5
Be7 9. a3 d5 10. exd5 Nxd5 11. b4 Nxc3 12. Qd2 Nxe2+ 13. Qxe2 1-0

[Event "AUTO-BEG-605"]
[Site "http://www.queenalice.com/game.php?id=1264778"]
[Date "2014.3.14"]
[Round "1"]
[White "Migz"]
[Black "Narizinho"]
[Result "0-1"]
[WhiteElo "995"]
[BlackElo "1277"]

1. e4 e5 2. Nf3 Nf6 3. Nxe5 Nxe4 4. Qf3 Nf6 5. Bc4 Nc6 6. Nxf7 Qe7+ 7. Qe2 Rg8
8. Nd6+ cxd6 9. Bxg8 b6 10. Bc4 a6 11. O-O Bb7 12. Nc3 O-O-O 13. Qxe7 Bxe7 0-1

[Event "AUTO-BEG-605"]
[Site "http://www.queenalice.com/game.php?id=1264799"]
[Date "2014.3.14"]
[Round "1"]
[White "carriedani"]
[Black "Migz"]
[Result "1-0"]
[WhiteElo "1169"]
[BlackElo "999"]

1. e4 e5 2. Nf3 Nc6 3. Nc3 Nf6 4. Bd3 Bc5 5. O-O a6 6. a3 O-O 7. b4 Bd4 8. Bb2
d5 9. exd5 Bxc3 10. dxc3 Ne7 11. Qe1 Nexd5 12. c4 Nf4 13. Bxe5 Nxd3 14. cxd3 Re8
15. Rd1 Ng4 16. d4 Qe7 17. Qe4 f6 18. Bf4 Qxe4 19. Rde1 Qc6 20. Rd1 b6 21. d5
1-0

[Event "AUTO-BEG-605"]
[Site "http://www.queenalice.com/game.php?id=1264800"]
[Date "2014.3.14"]
[Round "1"]
[White "Migz"]
[Black "carriedani"]
[Result "0-1"]
[WhiteElo "999"]
[BlackElo "1179"]

1. e4 e5 2. Nf3 Nc6 3. Bc4 Nf6 4. Nc3 Bd6 5. d3 O-O 6. O-O b6 7. Be3 Bb7 8. Re1
a6 9. a4 Qe7 10. Nd5 Nxd5 11. Bxd5 a5 12. c4 Qf6 13. Bg5 Qg6 14. Bh4 Rab8 15. b3
Bb4 16. Re3 d6 17. h3 Rbd8 18. Bxd8 Rxd8 19. Nh4 Qg5 20. Nf5 g6 0-1